市を探すパズル - Statistics

General Stats
  • This quiz has been taken 9 times
    7 since last reset
  • The average score is 35 of 45
Answer Stats
Hint Answer % Correct
立川
100%
川越
100%
二戸
86%
戸田
86%
滝川
86%
岩見沢
86%
越谷
86%
倉吉
86%
吉野川
86%
川崎
86%
島原
86%
新潟
86%
国東
86%
北見
86%
竹原
86%
田川
86%
小千谷
86%
西宮
86%
伊東
86%
七尾
86%
長岡
86%
京都
86%
村上
86%
↘︎ 仙北
86%
↘︎ 新見
86%
↘︎ 小山
86%
上山
71%
岩国
71%
東松島
71%
滝沢
71%
吉川
71%
川西
71%
富山
71%
都留
71%
↘︎ 岩倉
71%
↘︎ 松原
71%
↘︎ 西尾
71%
↘︎ 富岡
71%
↙︎ 大崎
71%
↙︎ 上尾
71%
潟上
57%
長岡京
57%
↘︎ 国立
57%
↘︎ 川口
57%
↙︎ 西東京
57%
No matching quizzes found
Score Distribution
Percent of People with Each Score
Percentile by Number Answered
Your Score History
You have not taken this quiz since the last reset